Normal view MARC view
  • Centre for Sustainable Energy

Entry Corporate Name

Number of records used in: 2

001 - CONTROL NUMBER

  • control field: 5011

003 - CONTROL NUMBER IDENTIFIER

  • control field: SIRSI

005 - DATE AND TIME OF LATEST TRANSACTION

  • control field: 20190806150239.0

008 - FIXED-LENGTH DATA ELEMENTS

  • fixed length control field: 060814n| aaannaabn |n ana d

040 ## - CATALOGING SOURCE

  • Original cataloging agency: OSt
  • Transcribing agency: OSt

110 2# - HEADING--CORPORATE NAME

  • Corporate name or jurisdiction name as entry element: Centre for Sustainable Energy

670 ## - SOURCE DATA FOUND

  • Source citation: Towards zero carbon developments, 2006